000 01022pam a2200289 a 4500
001 2959543
003 ARRUPE
005 20131121170749.0
008 910318s1992 miuab b 001 0 eng
010 _a 91013907
020 _a0879075317
020 _a0879078316
040 _aDLC
_cDLC
_dDLC
043 _aev-----
050 0 0 _aBX3443.A1
_bC57 1992
100 1 _aFrance, James.
_93625
245 1 4 _aThe Cistercians in Scandinavia /
_cby James France.
260 _aKalamazoo, Mich. :
_bCistercian Publications,
_c1992.
300 _axxiii, 577 p. :
_bill., maps ;
_c23 cm.
440 0 _aCistercian studies series ;
_vno. 131
_93626
504 _aIncludes bibliographical references (p. 537-558) and index.
610 2 0 _aCistercians
_zScandinavia
_xHistory.
_93627
651 0 _aScandinavia
_xChurch history.
_93628
906 _a7
_bcbc
_corignew
_d1
_eocip
_f19
_gy-gencatlg
942 _2lcc
_cMONOGRAPH
999 _c118625
_d118625